000 01173nam a22003377a 4500
003 CHAP
005 20220817042723.0
008 971013s1973 r 00010 d
010 _a53396
011 _a54368
035 _a58519
040 _cCHAP
082 _a338.1
_bW46Y
100 0 0 _aWeitz, Raanán.
_9121406
245 _aDe campesino a agricultor
_b: una nueva estrategía de desarrollo rural
260 _aMéxico, D.F. :
_bF.C.E.,
_c1973
300 _a250 p.
490 _aSección de obras de economía
590 _aBATCH-UPD
_b10
_c20130110
_lUCH01
_h0956
590 _aBATCH-UPD
_b10
_c20130410
_lUCH01
_h0608
590 _aBATCH-UPD
_b10
_c20130914
_lUCH01
_h1155
590 _aCONVERSION
_b10
_c20130109
_lUCH01
_h1329
650 1 4 _aAgricultura
_xAspectos económicos.
650 1 4 _aDesarrollo rural.
_932067
830 0 _aSección de obras de economía
901 _aBK
942 _cLIBRO
949 _a338.1 W46Y
_bBC
_cLIBRO
_d33724000358362
_eLIBRO
_h69037
_i58519
_mD
_si
949 _a338.1 W46Y
_bBC
_cLIBRO
_d33724000840856
_eLIBRO
_fc.2
_gDonaciØn
_h100828
_i58519
_si
949 _a338.1 W46y
_bBC
_cLIBRO
_d33724002123231
_eLIBRO
_fc.3
_gI.c/e
_h111096
_i58519
_sb
999 _c53396
_d53396